日産自動車の時代

Zapisane w:
Opis bibliograficzny
1. autor: 立辺純太(たてべ じゅんた)
Format: Książka
Język:Undetermined
Wydane: 東京 オーエス出版 1979
Hasła przedmiotowe:
Etykiety: Dodaj etykietę
Nie ma etykietki, Dołącz pierwszą etykiete!
Thư viện lưu trữ: Trung tâm Học liệu Trường Đại học Cần Thơ
LEADER 00524nam a2200193Ia 4500
001 CTU_87328
008 210402s9999 xx 000 0 und d
082 |a 338.8 
082 |b T216 
100 |a 立辺純太(たてべ じゅんた) 
245 0 |a 日産自動車の時代 
245 0 |c 立辺純太 
260 |a 東京 
260 |b オーエス出版 
260 |c 1979 
650 |a Corporations 
650 |z Japan 
904 |i Ngoc(Tuyến) 
980 |a Trung tâm Học liệu Trường Đại học Cần Thơ